000 00609nam a2200193 i 4500
001 21245
003 ES-MaACL
005 20250905130919.0
007 t|
008 021122s1912 sp |||| | spa d
100 1 _aAlbasanz Echevarría, Salvador.
_919248
245 1 0 _aOrganoterapia y opoterapia /
_cpor Salvador Albasan Echevarría ; prólogo de Manuel Márquez.
260 _aZaragoza :
_b[s.n.,
_c1912] (
_fTip. Pedro Carra)
300 _a251 p. ;
_c22 cm.
650 4 _aOpoterapia.
_9165142
700 1 _aMárquez, Manuel,
_d1872-1962
_977011
852 _aES-MaACL
_jF-2133
999 _c21245
_d21245